| Arts - Other Arts | 1 | 20.00 | 100% | 100% | 0% |
| History - American History | 1 | 10.00 | 100% | 0% | 0% |
| History - World History | 1 | 10.00 | 100% | 0% | 0% |
| Literature - World Lit | 1 | 10.00 | 100% | 0% | 0% |
| Mythology | 1 | 20.00 | 100% | 100% | 0% |
| Other - Geo/CE | 1 | 20.00 | 100% | 100% | 0% |
| Other Academic | 1 | 10.00 | 100% | 0% | 0% |
| Religion | 1 | 20.00 | 100% | 100% | 0% |
| Science - Chemistry | 1 | 20.00 | 100% | 100% | 0% |
| Thought - Philosophy | 1 | 20.00 | 100% | 100% | 0% |
| Arts - Music | 2 | 15.00 | 100% | 50% | 0% |
| Arts - Other Arts | 2 | 20.00 | 100% | 50% | 50% |
| Arts - Painting | 3 | 16.67 | 67% | 100% | 0% |
| Beliefs - Mythology | 1 | 10.00 | 100% | 0% | 0% |
| History - American History | 1 | 10.00 | 100% | 0% | 0% |
| History - European | 1 | 10.00 | 100% | 0% | 0% |
| History - Other History | 1 | 20.00 | 100% | 100% | 0% |
| History - World History | 1 | 20.00 | 100% | 0% | 100% |
| Literature - American Lit | 4 | 12.50 | 100% | 25% | 0% |
| Literature - British Lit | 5 | 14.00 | 80% | 40% | 20% |
| Literature - European Lit | 2 | 5.00 | 50% | 0% | 0% |
| Literature - World | 1 | 20.00 | 100% | 100% | 0% |
| Literature - World Lit | 3 | 16.67 | 100% | 67% | 0% |
| Mythology | 2 | 15.00 | 50% | 100% | 0% |
| Other - Geo/CE | 3 | 10.00 | 67% | 33% | 0% |
| Other Academic | 3 | 13.33 | 100% | 0% | 33% |
| Pop Culture | 3 | 13.33 | 100% | 33% | 0% |
| Religion | 2 | 20.00 | 100% | 100% | 0% |
| Science - Biology | 1 | 10.00 | 100% | 0% | 0% |
| Science - Chemistry | 1 | 20.00 | 100% | 100% | 0% |
| Science - Other Science | 2 | 15.00 | 100% | 50% | 0% |
| Science - Physics | 1 | 10.00 | 100% | 0% | 0% |
| Thought - Philosophy | 2 | 10.00 | 100% | 0% | 0% |
| Thought - Social Science | 4 | 15.00 | 75% | 50% | 25% |